Responses for Show #651 - Monday, June 8, 1987

Jonathan Fellows game 1.

Contestants

[<< previous game]

Maureen Mahoney, a claims representative from Kansas City, Kansas

Lori McFalls, a library clerk from Memphis, Tennessee

Jonathan Fellows, a legislative assistant originally from Bellevue, Washington

[next game >>]

Jeopardy! Round responses

PEOPLE
INSECTS
FOOD
TRANSPORTATION
MAGAZINES
STUPID ANSWERS
    $100 24
Dick Clark

Lori
    $100 14
(Alex: The winner was just under two inches.)

a cockroach

Jonathan
    $100 16
(Alex: It's baked caramel.)

dessert

Lori
    $100 1
3

Lori
    $100 2
fishing

Lori
    $100 4
the 100 Years' War

Jonathan
    $200 25
Helen Gurley Brown

Lori
    $200 15
Jiminy Cricket

Lori
    $200 17
chicken soup

Jonathan
    $200 8
by balloon

Jonathan
    $200 3
Gentlemen's Quarterly

Maureen
    $200 12
(Lori: What is France?)
...
(Alex: Any other country, but France.)
[Laughter]

Great Britain

JonathanLori
    $300 26
David Bowie

Lori
    $300 18
(Jonathan: What is The Fly?)
...
(Alex: He turned into a big cockroach; he could have been that Dallas winner, by the way.)

the Metamorphosis

JonathanMaureen
    $300 21
(J.H.) Salisbury

Lori
    $300 9
travel around the world

Lori
    $300 5
The Twilight Zone Magazine

Jonathan
    $400 13
(Jonatha: What is "It's Summertime"?)
[The song was not reprised going into the break.]

"Summertime, Summertime"

Jonathan
    $400 27
[ERRATUM: Restaurateur in the clue's wording.]

Bob's Big Boy

Jonathan
    $400 28
shellac

Triple Stumper
    $400 22
smörgåsbord

Maureen
    $400 10
semi-trailer

Lori
    $400 6
Vanity Fair

Lori
    $400 19
The Color Purple

Jonathan
    $500 29
(Jonathan: What is eating and sleeping?)
...
[The end-of-round signal sounds.]

eating & reproducing

Jonathan
Triple Stumper
    $500 23
(Alex: We've got a minute to go in the round.)

lobster Thermidor

Lori
    $500 11
the Metro (the Paris subway system)

Lori
    $500 7
the Reader's Digest

Jonathan
    $500 20
(Alex: One in every 20 boxes.)

a dollar bill

Lori

Scores at the first commercial break (after clue 13):

Jonathan Lori Maureen
$900 $1,600 $200

Scores at the end of the Jeopardy! Round:

Jonathan Lori Maureen
$1,200 $3,800 $900

Double Jeopardy! Round responses

ART
ANTONYMS
THE '50s
U.S.A.
RELIGION
WHEEL OF FORTUNE
(Alex: We want to do everything we can to help our sister show.)
    $200 1
Vincent van Gogh

Jonathan
    $200 2
Dead or Alive

Lori
    $200 15
(Jonathan: How many is 1?)
...
(Alex: Hawaii and Alaska.)

2

JonathanLori
    $200 17
davenport

Jonathan
    $200 9
on their knees

Maureen
    $200 16
(Lori: What is the circumference of the wheel?)

the diameter of the wheel

JonathanLori
    $400 3
(Paul) Gauguin

Jonathan
    $400 4
open & shut

Jonathan
    $400 22
Grace Kelly

Jonathan
    $400 18
Jackson

Jonathan
    $400 10
purgatory

Lori
    $400 26
(Jonathan: What is keep your prizes?)

Once you buy a prize it's yours to keep

JonathanLori
    $600 6
(Edgar) Degas

Maureen
    $600 5
safe

Lori
    $600 23
Mad

Jonathan
    $600 19
(Alex: [*], Ohio, right.)

Dayton

Lori
    $600 13
Muslim (Islam)

Lori
    $600 27
on account

Jonathan
    $800 7
(Maureen: Who is Picasso?)

Marcel Duchamp

Maureen
Triple Stumper
    $1,000 11
(Lori: What is give or receive?)

kickoff or receive

Lori
    $800 24
(Alex: We've got less than a minute to go.)

Henry Cabot Lodge

Jonathan
    $800 20
Springfield, Masschusetts

Jonathan
    $800 14
Mary Baker Eddy

Lori
    $500 28
(Jonathan: What is E, T, N, R, S and...)
...
[The end-of-round signal sounds.]

E, T, N, R, S & L

Jonathan
    $1000 8
(Jonathan: What is the Royal Society?)

the British Museum

Jonathan
Triple Stumper
    $1000 12
pianoforte

Maureen
    $1000 25
(Maureen: What is Bikini Atoll?)

Eniwetok

JonathanMaureen
    $1000 21
(Commodore Robert) Stockton

Jonathan

Scores at the end of the Double Jeopardy! Round:

Jonathan Lori Maureen
$6,100 $6,400 $900

[wagering suggestions for these scores]

Final Jeopardy! Round responses

ANTHROPOLOGY
MaureenWhat is Neanderthal?
$725
JonathanWhat is Neanderthal?
$6,100
LoriWhat is the Rhine man?
$5,900
Neanderthal

Final scores:

Jonathan Lori Maureen
$12,200 $500 $1,625
New champion: $12,200 3rd place: Suzuki keyboard 2nd place: Maytag washer & dryer & Donvier ice cream maker

Game dynamics:

Coryat scores:

Jonathan Lori Maureen
$7,000 $7,400 $900
22 R,
7 W
(including 2 DDs)
22 R,
3 W
(including 1 DD)
6 R,
2 W

Combined Coryat: $15,300

[game clues] [game scores] [suggest correction]

Game tape date: 1987-01-20
The J! Archive is created by fans, for fans. Scraping, republication, monetization, and malicious use prohibited; this site may use cookies and collect identifying information. See terms. The Jeopardy! game show and all elements thereof, including but not limited to copyright and trademark thereto, are the property of Jeopardy Productions, Inc. and are protected under law. This website is not affiliated with, sponsored by, or operated by Jeopardy Productions, Inc. Join the discussion at JBoard.tv.